Klasifikácia mobilných aplikácií v cestovnom ruchu

Možnosti využívania mobilných aplikácií v cestovnom ruchu. Operačné systémy a mobilné technológie. Klasifikácia mobilných aplikácií v cestovnom ruchu. Využitie mobilných aplikácií v cestovnom ruchu. Prístup k mobilným aplikáciám v cestovnom ruchu z pohľadu používateľa.

Salvato in:
Dettagli Bibliografici
Autore principale: Žitný, Rastislav
Natura: Capitolo di libro
Lingua:slovacco
Soggetti:
Tags: Aggiungi Tag
Nessun Tag, puoi essere il primo ad aggiungerne!!

MARC

LEADER 00000naa a2200000 4500
001 0200336
005 20231016074953.6
041 0 |a slo 
044 |a SK 
245 1 0 |a Klasifikácia mobilných aplikácií v cestovnom ruchu  |c Rastislav Žitný 
520 |a Možnosti využívania mobilných aplikácií v cestovnom ruchu. Operačné systémy a mobilné technológie. Klasifikácia mobilných aplikácií v cestovnom ruchu. Využitie mobilných aplikácií v cestovnom ruchu. Prístup k mobilným aplikáciám v cestovnom ruchu z pohľadu používateľa. 
610 2 0 |a ruch cestovný 
610 2 0 |a telefón mobilný 
610 2 0 |a internet 
610 2 0 |a zákazníci 
610 2 0 |a systémy informačné 
610 2 0 |a služby 
610 2 0 |a zariadenia ubytovacie 
100 1 |a Žitný, Rastislav